000 04703namaa22004211i 4500
003 OSt
005 20260412093602.0
008 250827s2025 ua a|||frm||| 000 0 eng d
040 _aEG-GICUC
_bara
_cEG-GICUC
_dEG-GICUC
_erda
041 0 _aara
_bara
_beng
049 _aإيداع
082 0 4 _a895.1
092 _a895.1
_221
097 _aدكتوراه‎
099 _aCai01.02.09.Ph.D.2025.ما.ث
100 0 _a،ماهيتاب أحمد عبد الحليم مصطفى
_eإعداد.
245 1 0 _aثقافة العائلات الصينية القديمة وتأثيرها في المجتمع الحديث /
_cإعداد ماهيتاب أحمد عبد الحليم مصطفى؛ إشراف أ.د/ رحاب محمود أحمد، أ.د/ علي محمد المكاوي.
246 1 5 _aResearch on chinese family culture and traditions and its importance in the modern society /
264 0 _c2025.
300 _a75 صفحة :
_bإيضاحيات ؛
_c25 سم. +
_eCD.
336 _atext
_2rda content
337 _aUnmediated
_2rdamedia
338 _avolume
_2rdacarrier
502 _aأطروحة (دكتوراه)-جامعة القاهرة، 2025.
504 _aببليوجرافيا: صفحات 70-74.
520 _aالعائلة هي حجر الزاوية في المجتمع، وثقافة العائلات الصينية التقليدية لها أهمية بعيدة المدى. ففي ظل التغيرات التي يشهدها المجتمع الحديث، أصبحت دراسة ثقافة العائلات التقليدية مرتبطة بالأسرة والمجتمع والتراث الثقافي. تهدف هذه الأطروحة إلى تحليل دلالات وتطور وقيمة وثقافة العائلات الصينية التقليدية، التي تشمل التوجه القيمي والمعايير الأخلاقية في الصين، بما في ذلك فكر تهذيب الذات وحوكمة الأسرة وحوكمة الدولة. وذلك من خلال اتخاذ تعاليم كونفوشيوس، وتعاليم عائلة يان، وتعاليم عائلة تشو شي، وقواعد ديسي كنماذج. وفي المجتمع الحديث، تلعب ثقافة العائلات التقليدية دورا بارزا في تعزز الانسجام الأسري وتربية الأبناء والتقدم الاجتماعي. يهدف هذا البحث إلى إجراء دراسة شاملة ومتعمقة لثقافة العائلات التقليدية وقيمتها الحديثة في الصين، وتقديم الدعم النظري والتوجيه العملي للترويج لثقافة العائلات الصينية التقليدية.
520 _aThe family is the cornerstone of society, and traditional Chinese family culture has far-reaching significance. In light of the changes taking place in modern society, the study of traditional family culture has become intertwined with family, society, and cultural heritage.This dissertation aims to analyze the significance, development, value, and culture of traditional Chinese families, encompassing the value orientation and ethical standards in China, including the thought of self-cultivation, family governance, and state governance. This is done by taking the teachings of Confucianism, the Yan Family Traditions, the Zhuxi Family Traditions, and the Dizi Rules as examples.In modern society, traditional family culture plays a prominent role in promoting family harmony, child-rearing, and social progress. This research aims to conduct a comprehensive and in-depth study of traditional family culture and its modern values in China, and to provide theoretical support and practical guidance for promoting traditional Chinese family culture.
530 _aصدر أيضًا كقرص مدمج.
546 _aالنص بالعربية والملخص باللغة الإنجليزية والعربية.
650 7 _aالادب الصيني
_2qrmak
653 0 _aثقافة العائلات الصينية التقليدية
_aقيمة ثقافة العائلات التقليدية للمجتمع الحديث
700 0 _aرحاب محمود أحمد
_eمشرف أطروحة.
700 0 _aعلي محمد المكاوي
_eمشرف أطروحة.
900 _b27-04-2025
_cرحاب محمود أحمد
_cعلي محمد المكاوي
_dجان ابراهيم بدوي
_dلي شيانغ يه
_Uجامعة القاهرة
_Fكلية الآداب
_Dقسم اللغة الصينية وآدابها
905 _aSara
942 _2ddc
_cTH
_e21
_n0
999 _c179402